Suffolk punch (Record no. 78500)

MARC details
000 -LEADER
fixed length control field 00674cab a22001935a 4500
001 - CONTROL NUMBER
control field L136940
008 - FIXED-LENGTH DATA ELEMENTS--GENERAL INFORMATION
fixed length control field 070305e2007 xxk 000 0 eng d
035 ## - SYSTEM CONTROL NUMBER
System control number (Sirsi) u136940
041 0# - LANGUAGE CODE
Language code of text/sound track or separate title eng
100 1# - MAIN ENTRY--PERSONAL NAME
Personal name Gibson, Grant
245 ## - TITLE STATEMENT
Title Suffolk punch
260 ## - PUBLICATION, DISTRIBUTION, ETC.
Date of publication, distribution, etc. 2007
490 #0 - SERIES STATEMENT
Series statement RIBA Journal
Volume/sequential designation 114(3) March 2007, 34-40(6)
520 ## - SUMMARY, ETC.
Summary, etc. Reports on the design, architecture and costing of a modern house sympathetic to the Tudor architecture in Lavenham, Suffolk. Contains brief building costs, layout plans and specifications. The total cost was £400 000.
590 ## - LOCAL NOTE (RLIN)
Local note KA
651 #4 - SUBJECT ADDED ENTRY--GEOGRAPHIC NAME
Geographic name United Kingdom
Chronological subdivision
690 ## - LOCAL SUBJECT ADDED ENTRY--TOPICAL TERM (OCLC, RLIN)
Topical term or geographic name as entry element BUILT ENVIRONMENT-BUILDING COSTS
942 ## - ADDED ENTRY ELEMENTS (KOHA)
Suppress in OPAC 0
Holdings
Withdrawn status Lost status Source of classification or shelving scheme Damaged status Not for loan Home library Current library Shelving location Date acquired Total Checkouts Full call number Barcode Date last seen Copy number Price effective from Koha item type
    Dewey Decimal Classification     London London Journal article 05/03/2007   L136940 136940-1001 06/08/2019 1 06/08/2019 Journal article